00660nam a2200241 a 4500001001300000003000900013005001700022008004100039020000800080082001300088100001900101245002800120260003500148300000900183500003500192505001000227650002300237700001900260902000800279942000700287952010900294999001500403nice12345678IN_TiNIC20260116011503.0050524s1958 newa grp 000 0 eng  ac000a190bKAN aKant, Immanuel aCritique of Pure Reason aNew YorkbModern Libraryc1958 a335p aincludes index and biblioraphy2 aIndex aPhilosophy-Western1 aKant, Immanuel bSRS cBK 001040708StackRoom-aHMIbHMId2007-10-24g0.00l0o190 KANp02227r2021-10-28v0.00w2005-05-24yBK c1972d1972